000 00176nam a2200097Ia 4500
100 _a#N/A
942 _cBK
245 _aOperations Research
260 _b#N/A
546 _aENGLISH
999 _c32226
_d32226